1040 1901 1978 1274 1433 1432 1873 1183 1003 1561 1758 1660 1222 1369 1459 1318 1479 1054 1419 1675 1078 1146 1417 1329 1057 1476 1437 1689 1301 1684 1947 1259 1220 1884 1642 1492 1664 1671 1969 1501 1890 1843 1113 1986 1589 1175 1671 1962 1749 1531 1402 1110 1662 1147 1782 1657 1626 1999 1030 1154 1653 1154 1764 1214 1960 1903 1769 1427 1795 1061 1222 1248 1218 1588 1230 1868 1070 1206 1136 1345 1166 1457 1261 1365 1459 1634 1145 1529 1128 1612 1859 1241 1500 1762 1868 1733 1356 1969 1073 BCNSPRNW ULIB Ver.6.0+V

เปลี่ยนเป็นภาษาไทย

Change to English
 แสดงรายละเอียดบรรณานุกรม
  กลับหน้าหลัก

Brief Record : Get Marc (ISO 2709) : E-mail record : QR code < ปิดหน้าต่าง
LEADER : 00000nam 2200000uu 4500
001    13399124504
003     ULIB
008    150817s2556 th a 000 0 tha d
020    9789749804295
020    9789749804292
090    นว.^bล158บ ล.4
100    ล่อร่า อิงกัลล์ส์ ไวล์เดอร์;^eผู้แต่ง
245    บ้านเล็กริมห้วย/^cล่อร่า อิงกัลล์ส์ ไวล์เดอร์. ; เขียน ,สุคนธรส. ; แปล
250    พิมพ์ครั้งที่9
260    กรุงเทพฯ :^bแพรวเยาวชน,^c2556
300    285 หน้า;^b18.5 ซม.
500    หนังสือชุดบ้านเล็ก
700    สุคนธรส ;^eแปล
945    ^p195^l0^i039775
999    ^aทศพร
รายการนี้ยังไม่มีแท็ก
คุณยังไม่ได้ล็อกอิน คุณสามารถมีกิจกรรมร่วมกับเว็บไซต์ได้ แต่ต้องล็อกอินก่อน ::
  ล็อกอิน

รายการสื่อสารสนเทศ

ลำดับที่ ประเภท เลขเรียก/บาร์โค้ด สถานที่ สถานะ
1. นวนิยาย
นวนิยาย
นว. ล158บ ล.4 ฉ.1 
  Barcode: 039775
ห้องสมุดวิทยาเขตสวรรค์ประชารักษ์
►นวนิยาย
บนชั้น
  ขอยืม

BibComment


ยังไม่เคยถูกคอมเมนท์

คอมเมนท์ทรัพยากรรายการนี้
  คอมเมนท์: บ้านเล็กริมห้วย ล..


 Copyright 2026. Bcnsprnw @Library